Statistics for Donald Trump Spelling Quiz

Click here to take the quiz!

General Stats

  • This quiz has been taken 572 times
    (315 since last reset)
  • The average score is 13 of 15

Answer Stats

LetterHintAnswer% Correct
DOne of his sonsDonald Jr.
96%
RHis partyRepublican
96%
OState that voted for him both in 2016 and 2020Ohio/Oklahoma
95%
NState where he was bornNew York
94%
TSocial media platform that banned him in January 2021Twitter
94%
DHe was member of this party between 2001 and 2009Democratic
93%
HHis opponent in the 2016 election (first name)Hillary
93%
OHis Predecessor (last name)Obama
91%
JHis successor (first name)Joseph/Joe
90%
PVice President under his administration (last name)Pence
90%
UAnother state that voted for him both in 2016 and 2020Utah
89%
MHis current wifeMelania
88%
AWhat he always put "first"America
84%
NHe was the first American President to meet the leader of this countryNorth Korea
84%
LLocation of the Trump International Hotel and Tower (Greater Urban Area)Las Vegas
43%

Score Distribution

Percentile by Number Answered

Percent of People with Each Score

Your Score History

You have not taken this quiz since the last reset